Geometry : (Record no. 19895)

MARC details
000 -LEADER
fixed length control field 01625cam a22003615i 4500
001 - CONTROL NUMBER
control field 17449747
003 - CONTROL NUMBER IDENTIFIER
control field EG-ScBUE
005 - DATE AND TIME OF LATEST TRANSACTION
control field 20250227100813.0
008 - FIXED-LENGTH DATA ELEMENTS--GENERAL INFORMATION
fixed length control field 120831t2013 nyua fr 001 0 eng d
020 ## - INTERNATIONAL STANDARD BOOK NUMBER
International Standard Book Number 9780071795401 (pbk.)
020 ## - INTERNATIONAL STANDARD BOOK NUMBER
International Standard Book Number 0071795405 (pbk.)
040 ## - CATALOGING SOURCE
Original cataloging agency EG-ScBUE
Language of cataloging eng
Description conventions rda
Transcribing agency EG-ScBUE
Modifying agency EG-ScBUE
082 04 - DEWEY DECIMAL CLASSIFICATION NUMBER
Classification number 516.076
Item number RIC
Edition number 22
100 1# - MAIN ENTRY--PERSONAL NAME
Personal name Rich, Barnett,
Dates associated with a name 1906-
Relator term author.
9 (RLIN) 38617
245 10 - TITLE STATEMENT
Title Geometry :
Remainder of title includes plane, analytic, and transformational geometries /
Statement of responsibility, etc Barnett Rich, Ph.D., Former Chairman, Department of Mathematics, Brooklyn Technical High School, New York City, Christopher Thomas, Ph.D., Assistant Professor, Department of Mathematics, Massachusetts College of Liberal Arts, North Adams, MA.
250 ## - EDITION STATEMENT
Edition statement Fifth edition.
264 #1 - PUBLICATION, DISTRIBUTION, ETC. (IMPRINT)
Place of publication, distribution, etc New York :
Name of publisher, distributor, etc McGraw-Hill,
Date of publication, distribution, etc [2013]
264 #4 - PUBLICATION, DISTRIBUTION, ETC. (IMPRINT)
Date of publication, distribution, etc c2013
300 ## - PHYSICAL DESCRIPTION
Extent x, 326 pages :
Other physical details illustrations ;
Dimensions 28 cm.
336 ## - CONTENT TYPE
Source rdacontent
Content type term text
Content type code txt
337 ## - MEDIA TYPE
Media type term unmediated
Source rdamedia
Media type code n
338 ## - CARRIER TYPE
Carrier type term volume
Carrier type code nc
Source rdacarrier
490 0# - SERIES STATEMENT
Series statement Schaum’s outline series
500 ## - GENERAL NOTE
General note Includes index.<br/>
500 ## - GENERAL NOTE
General note Use with these courses : Geometry - High school Geometry - Precalculus - Calculus.
500 ## - GENERAL NOTE
General note 665 Fully solved problems and 25 problems-solving videos online -- cover.
650 #7 - SUBJECT ADDED ENTRY--TOPICAL TERM
Topical term or geographic name as entry element Geometry
Form subdivision Problems, exercises, etc.
Source of heading or term BUEsh
9 (RLIN) 41249
653 ## - INDEX TERM--UNCONTROLLED
Resource For college Engineering, Electrical
Arrived date list June2015
-- October2015
-- September2016
655 ## - INDEX TERM--GENRE/FORM
Form subdivision Reading book
9 (RLIN) 34232
700 1# - ADDED ENTRY--PERSONAL NAME
Personal name Thomas, Christopher,
Dates associated with a name 1973-
Relator term author.
9 (RLIN) 41250
856 ## - ELECTRONIC LOCATION AND ACCESS
Electronic format type View Schaum’s problem-solving videos-free
Uniform Resource Identifier <a href="http://www.mhprofessionalresources.com//mediacenter">http://www.mhprofessionalresources.com//mediacenter</a>
942 ## - ADDED ENTRY ELEMENTS (KOHA)
Source of classification or shelving scheme Dewey Decimal Classification
Koha item type Book - Borrowing
Holdings
Withdrawn status Lost status Source of classification or shelving scheme Damaged status Not for loan Collection code Home library Current library Shelving location Date acquired Source of acquisition Cost, normal purchase price Serial Enumeration / chronology Total Checkouts Full call number Barcode Date last seen Cost, replacement price Koha item type
    Dewey Decimal Classification     Alahram Central Library Central Library First floor 24/06/2015 Purchase 136.00 337   516.076 RIC 000038926 15/07/2025 170.00 Book - Borrowing
    Dewey Decimal Classification     Baccah Central Library Central Library First floor 27/09/2016 Purchase 260.00     516.076 RIC 000033651 15/07/2025   Book - Borrowing